Statistics for South America alphabetically

Click here to take the quiz!

General Stats

  • This quiz has been taken 136 times
  • The average score is 12 of 14

Answers on the Map

Answers color-coded by a green-red scale on the quiz's map according to % correct below.
 

Answer Stats

Country/overseas territory% Correct
Argentina
100%
Bolivia
100%
Brazil
100%
Chile
100%
Colombia
100%
Ecuador
100%
Guyana
78%
Paraguay
78%
Peru
78%
Suriname
78%
Uruguay
78%
Venezuela
78%
Falkland Islands
61%
French Guiana
57%

Score Distribution

Percentile by Number Answered

Percent of People with Each Score

Your Score History

You have not taken this quiz